000 00447cam a2200181ua 4500
001 3854
008 111206n ii |||gr||||Z||||||asm
040 _cMAIN
082 _a891.4511
100 _aBhattacharyya, Nalinidhar.,
245 1 1 _aKabitar katha
_cby Nalinidhar Bhattacharyya
250 _a1st.
260 _aGuwahati:
_bChetana Prakash,993.
300 _a148p:
_c23cm.
653 _aAssamese poem
653 _aKabitar katha
942 _cBK
999 _c3677
_d3677